[Event "Tatry op"]
[Site "Tatranske Zruby"]
[Date "2005.09.14"]
[Round "6"]
[White "Biros, Robert"]
[Black "Staufcik, Robert"]
[Result "1/2-1/2"]
[WhiteElo "2200"]
[BlackElo "2104"]
[PlyCount "26"]
[EventDate "2005.09.10"]
[EventType "swiss"]
[EventRounds "9"]
[EventCountry "SVK"]
[SourceTitle "CBM 108 Extra"]
[Source "ChessBase"]
[SourceDate "2005.11.04"]
[SourceVersion "1"]
[SourceVersionDate "2005.11.04"]
[SourceQuality "1"]

1. e4 e5 2. Nf3 Nc6 3. d4 exd4 4. Nxd4 Bc5 5. Be3 Qf6 6. c3 Nge7 7. Bc4 Ne5 8. Be2 d6 9. 0-0 Qg6 10. f4 Qxe4 11. Bf2 Bxd4 12. Bxd4 N5c6 13. Bf3 Qg6 1/2-1/2

[Event "Pardubice op-A"]
[Site "Pardubice"]
[Date "2005.07.24"]
[Round "3"]
[White "Biros, Robert"]
[Black "Parligras, Cosmin"]
[Result "1/2-1/2"]
[WhiteElo "2200"]
[BlackElo "2244"]
[PlyCount "135"]
[EventDate "2005.07.22"]
[EventType "swiss"]
[EventRounds "9"]
[EventCountry "CZE"]
[SourceTitle "CBM 107 Extra"]
[Source "ChessBase"]
[SourceDate "2005.09.01"]
[SourceVersion "1"]
[SourceVersionDate "2005.09.01"]
[SourceQuality "1"]

1. e4 c5 2. Nf3 d6 3. d4 cxd4 4. Qxd4 Bd7 5. c4 Nc6 6. Qd1 g6 7. Nc3 Bg7 8. Bd3 Nf6 9. 0-0 0-0 10. h3 Nb4 11. Bb1 Qc7 12. a3 Na6 13. Ba2 Nc5 14. Re1 a5 15. Bg5 Bc6 16. Qc2 e6 17. Rad1 h6 18. Bf4 e5 19. Bc1 a4 20. Nb5 Bxb5 21. cxb5 Rfc8 22. Bd5 Qb6 23. Qe2 Ra5 24. Nd2 Qxb5 25. Nc4 Nxd5 26. Nxa5 Qxa5 27. Rxd5 Qc7 28. Qc4 Qd7 29. Be3 b5 30. Qb4 Qc6 31. Rc1 Bf8 32. Qc3 f6 33. Qd2 Qb7 34. Bxc5 Rxc5 35. Rcxc5 dxc5 36. f3 b4 37. Rd7 Qc6 38. axb4 cxb4 39. Qd5+ Qxd5 40. Rxd5 a3 41. bxa3 bxa3 42. Ra5 h5 43. Kf1 Kh7 44. Ke2 Kh6 45. Ra6 Be7 46. Kd3 Kg5 47. Ra7 Bc5 48. Ra6 Be7 49. Kc3 Kh4 50. Re6 Bd8 51. Re8 Ba5+ 52. Kb3 Kg3 53. Rf8 Bd2 54. Rxf6 g5 55. Rc6 Be3 56. Rc2 Bf2 57. Kc4 Kxg2 58. Kd5 Kxf3 59. Kxe5 g4 60. hxg4 hxg4 61. Rc3+ Be3 62. Rxa3 g3 63. Ra8 g2 64. Ra1 Bf2 65. Kf5 Ke2 66. Kg4 Be1 67. Ra2+ Bd2 68. Ra1 1/2-1/2